000 00691nam a2200217Ii 4500
003 JO-AjNU
008 230606s9999||||xx |||||||||||||| ||und||
020 _a978-0-19-442211-6 , 978-0-19-442278-9 , 978-0-019-442279-6
040 _aJO-AjNU
_beng
_erda
_cJO-AjNU
041 _aeng
050 1 4 _aPN1993.7 2011
100 3 _aHughes,Glyn , Josephine Moate , Tiina Raatikainen,
_eauthor
_92224
245 0 0 _aPractical Classroom English
250 _a1 ed
264 3 1 _aNew York:OXFORD UNIVARSITY PRESS,2007
300 _a172P
336 _atext
_btxt
_2rdacontent
337 _aunmediated
_bn
_2rdamedia
338 _avolume
_bnc
_2rdacarrier
650 4 _aPractical Classroom English
_92225
999 _aE1165
_c1165
_d1165